000
00379nam a2200181Ia 4500
005
20251020182617.0
008
200515s9999 xx 000 0 und d
082
_a
SC/694:69.057.5/V77O
110
_a
Ince
245
0
_a
CarpinterÃa
260
_a
Caracas
260
_c
1975
300
_a
s.n.
650
_a
ENCOFRADOS
650
_a
HO
650
_a
PUB INCE
942
_c
LIB
999
_c
3539
_d
3539